| 000 | 00793cam a22002535a 4500 | ||
|---|---|---|---|
| 001 | ssib023577608 | ||
| 003 | OSt | ||
| 005 | 20160424135303.0 | ||
| 008 | 150619t2016 nyua frb 001 2 eng d | ||
| 020 | _a9780071847841 | ||
| 020 | _a0071847847 | ||
| 040 |
_aBIP US _dWaSeSS _dEG-ScBUE _beng |
||
| 082 | 0 | 4 |
_a624.18341 _222 _bFAN |
| 100 | 1 |
_aFanella, David Anthony. _939892 |
|
| 245 | 1 | 0 |
_aReinforced concrete structures : _banalysis and design / _cDavid A. Fanella. |
| 250 | _a2nd ed. | ||
| 260 |
_aNew York : _bMcGraw-Hill Education, _cc.2016. |
||
| 300 |
_axii, 964 p. : _bill. ; _c24 cm. |
||
| 500 | _aIndex : p. 947-964. | ||
| 504 | _aIncludes bibliographical references. | ||
| 650 | 7 |
_aReinforced concrete construction. _2BUEsh _917951 |
|
| 653 |
_bBUSADM _cApril2016 |
||
| 942 | _2ddc | ||
| 999 |
_c21676 _d21648 |
||